CAD/CAM THEORY AND PRACTICE (Record no. 5565)

MARC details
000 -LEADER
fixed length control field 00434nam a22001697a 4500
005 - DATE AND TIME OF LATEST TRANSACTION
control field 20260130135534.0
008 - FIXED-LENGTH DATA ELEMENTS--GENERAL INFORMATION
fixed length control field 170916b xxu||||| |||| 00| 0 eng d
020 ## - INTERNATIONAL STANDARD BOOK NUMBER
ISBN 978-0-07-015134-5
041 ## - LANGUAGE CODE
Language code of text/sound track or separate title eng
082 ## - DEWEY DECIMAL CLASSIFICATION NUMBER
Classification number 624.183
100 ## - MAIN ENTRY--AUTHOR NAME
Personal name ZEID, IBRAHIM AND SIVASUBRAMANIAN, R.
245 ## - TITLE STATEMENT
Title CAD/CAM THEORY AND PRACTICE
250 ## - EDITION STATEMENT
Edition statement 2nd
260 ## - PUBLICATION, DISTRIBUTION, ETC. (IMPRINT)
Place of publication NEW DELHI
Name of publisher Mc GRAW HILL EDUCATION
Year of publication 1991
300 ## - PHYSICAL DESCRIPTION
Number of Pages 813p.
942 ## - ADDED ENTRY ELEMENTS (KOHA)
Koha item type Books
Holdings
Lost status Damaged status Collection code Home library Current library Shelving location Date acquired Source of acquisition Cost, normal purchase price Full call number Accession Number Koha item type
    CS/IT JRU Library JRU Library SHELF-54-G 16/09/2017 PURCHESS 685.00 624.183 21911 Books
    Reference JRU Library   SHELF-30-B 16/09/2017 PURCHESS 685.00 624.183 41 21912 Books
    CS/IT JRU Library JRU Library SHELF-54-G 16/09/2017 PURCHESS 685.00 624.183 21913 Books